000 00818pam a2200253 a 4500
001 2053283
005 20250114174338.0
008 931208s1994 enka 001 0 eng
020 _a0566075105 :
_c$81.95 (approx.)
050 0 0 _aJK468.P76
_bR44 1994
082 0 0 _a354.410071/4
_220
100 1 _aPenn, Ira A.
245 1 0 _aRecords management handbook /
_cIra A. Penn, Gail B. Pennix, Jim Coulson.
250 _a2nd ed.
260 _aAldershot, Hants, England ;
_aBrookfield, Vt. :
_bGower,
_cc1994.
300 _axv, 303 p. :
_bill. ;
_c30 cm.
500 _aOriginally published: 1989.
500 _aIncludes index.
650 0 _aPublic records
_zUnited States
_xManagement.
650 0 _aPublic records
_zGreat Britain
_xManagement.
700 1 _aPennix, Gail.
700 1 _aCoulson, Jim.
942 _2lcc
_cBK
_n0
999 _c2529
_d2529